[Event "FRA-chT2S"]
[Site "France"]
[Date "1997.??.??"]
[Round "4"]
[White "Daugeat, Pascal"]
[Black "Boulier, Rene"]
[Result "1-0"]
[WhiteElo "1820"]
[BlackElo "2115"]
[PlyCount "53"]
[EventDate "1997.??.??"]
[EventType "team"]
[EventRounds "9"]
[EventCountry "FRA"]
[SourceTitle "EXT 2007"]
[Source "ChessBase"]
[SourceDate "2006.11.23"]
[SourceVersion "1"]
[SourceVersionDate "2006.11.23"]
[SourceQuality "1"]
[WhiteTeam "Oyonnax"]
[BlackTeam "Clermont Ferrand"]
[WhiteTeamCountry "FRA"]
[BlackTeamCountry "FRA"]

1. d4 Nf6 2. Nf3 d6 3. g3 Bg4 4. Bg2 Qc8 5. h3 Bd7 6. Nc3 g6 7. e4 Na6 8. e5 Nh5 9. g4 Ng7 10. Bh6 Ne6 11. Qd2 c6 12. Bxf8 Nxf8 13. exd6 exd6 14. Ne4 Qc7 15. Nf6+ Kd8 16. Ng5 Be8 17. 0-0-0 Ne6 18. Rhe1 Qe7 19. d5 Qxf6 20. dxe6 d5 21. Bxd5 cxd5 22. Qxd5+ Kc7 23. Qd6+ Kc8 24. Ne4 Qh4 25. g5 Bc6 26. e7 b6 27. Qxc6+ 1-0